Patobiológia a pediatria pre špeciálnych pedagógov 1

Bibliographic Details
Main Author: Nábělková, Alena, 1954- (Author)
Format: Book
Language:Slovak
PhysicalDescription:161 s. Tb. Sch. 29 cm
Published: Bratislava Univerzita Komenského 1989
ISBN:8022300772
Edition:1. vyd.
Subjects:

MARC

LEADER 00000nam a2200000 a 4500
001 vtls001060945
003 SK-MaSNL
005 20260301000024.0
008 250225s1989 xo slo
015 |a SNBA1990/05 
020 |a 8022300772  |q (zv. 1.). 8022300764  |q (celý súbor)  |c 9,50 Kčs.  |q (650 výtl.) 
035 |a E3126A6E-CA60-4F77-9670-6B80028DB778 
035 |a SNK000003773 
035 |a urn:nbn:sk:snk-am00bn32 
035 |a urn:nbn:sk:snk-amljxn 
040 |a SNK  |b slo  |c SNK  |e AACR2 
041 0 |a slo 
044 |a xo  |c SK 
080 |a 616-053.2(075.8)  |2 1981 
100 1 |a Nábělková, Alena,  |d 1954-  |4 aut  |9 47966 
245 1 0 |a Patobiológia a pediatria pre špeciálnych pedagógov 1  |c Alena Nábělková 
250 |a 1. vyd. 
260 |a Bratislava  |b Univerzita Komenského  |c 1989  |e Nitra  |f Nitrianske tlačiarne 
300 |a 161 s.  |b Tb. Sch.  |c 29 cm 
500 |a Lit. 16. Vysokoškolské skriptá. 16 zázn. v slov. a češ. 
650 0 7 |a pediatria  |2 SNKPH  |9 912 
655 7 |a učebnice vysokých škôl  |2 SNKPH  |9 70191 
919 |a 80-223-0077-2(zv. 1.). 80-223-0076-4 (celý súbor) 
958 |a EUIPO 
958 |a OND 
958 |a NB 
958 |a TL 
958 |a UV 
999 |c 531813  |d 533743 
952 |a SNK  |b SNK  |y PREZ  |7 0  |p 17A0486561  |o snkSB 46380/1  |i snkKSP 3120/90  |0 0  |1 0  |4 0  |d 2005-10-24  |f 1  |l 0  |r 2025-01-31 00:00:00  |w 2026-02-23 
952 |a SNK  |b SNK  |y VYP  |7 0  |p 17A0021062  |o snkSB 46380/1 D1  |0 0  |1 0  |4 0  |d 1996-11-12  |l 0  |r 2004-12-31 00:00:00  |w 2026-02-23